000 00833nam a2200265Ia 4500
001 Para_8577
003 CHAP
008 220125s9999 xx 000 0 und d
010 _a207388
040 _cCHAP
082 _aPA-C 595.752 A6
100 _aDavidson, J.
_9171040
245 _aOn some aphides infesting tulips /
_c by J. Davidson
300 _a12 p.
440 _aAphidae; 23
_9173975
500 _aSobretiro de: Bulletin of Entomological Research, 18, (1): 51-62, 1927. Encuadernado con otros impresos similares
650 _a
_x Afididos
_x Colecciones de escritos
_x Anuraphis tulipae
_x Rhopalosiphum tullipae
_9173980
901 _aPA-C 595.752 A6
902 _aA
905 _a000000 0000000000 00
910 _a
942 _cPARA
942 _cPARA
_d1
999 _c207388
_d207388